Piłkarska kariera Davora Sukera - Statystyki

Ogólne statystyki
  • Ten quiz został rozwiązany 38 razy
  • Średni wynik to 3 z 7
Statystyki odpowiedzi
Lata Drużyna % Poprawnych
1989-1991 Dinamo Zagrzeb
83%
1996-1999 Real Madryt
71%
1991-1996 Sevilla
34%
1999-2000 Arsenal
31%
2000-2002 West Ham
23%
1984-1989 Osijek
11%
2002-2003 TSV 1860 Monachium
6%
Nie znaleziono quizów pasujących do podanych kryteriów
Rozkład punktacji
Procent ludzi z każdym wynikiem
Percentyl według liczby udzielonych odpowiedzi
Twoja historia wyników
Nie rozwiązałeś tego quizu